00337cam a2200133ua 45000010005000000080039000050400009000440820010000532450027000632600059000903000012001496530015001616530027001766627140510n ii |||gr||||Z||||||asm cMAIN a657.2 aHichap bigyan parichay aGuwahati:bPathyaputhi prastuti samanay samiti,c1975. ax,592p. aAccounting aHichap bigyan parichay